Smernice IFLA a smernice IFLA/UNESCO 2002-2009
Saved in:
| Corporate Author: | |
|---|---|
| Other Authors: | |
| Format: | Book |
| Language: | Slovak |
| Published: |
Bratislava
Spolok slovenských knihovníkov
2011
|
| Edition: | 2. rozšír. vyd. |
| Series: | Publikácie IFLA
|
| Subjects: | |
| Tags: |
No Tags, Be the first to tag this record!
|
MARC
| LEADER | 00000nam a2200000 4500 | ||
|---|---|---|---|
| 001 | 0178091 | ||
| 005 | 20240318125843.5 | ||
| 020 | |a 978-80-970693-3-9 | ||
| 041 | 0 | |a slo | |
| 044 | |a SK | ||
| 245 | 1 | 0 | |a Smernice IFLA a smernice IFLA/UNESCO 2002-2009 |c zostavila a preložila: Silvia Stasselová |
| 250 | |a 2. rozšír. vyd. | ||
| 264 | 1 | |a Bratislava |b Spolok slovenských knihovníkov |c 2011 | |
| 300 | |a 133 s. | ||
| 490 | 1 | |a Publikácie IFLA | |
| 830 | 0 | |a Publikácie IFLA | |
| 610 | 2 | 0 | |a školy |
| 610 | 2 | 0 | |a knižnice |
| 610 | 2 | 0 | |a elektronizácia |
| 610 | 2 | 0 | |a zdroje informačné elektronické |
| 610 | 2 | 0 | |a služby verejné |
| 610 | 2 | 0 | |a poradenstvo |
| 610 | 2 | 0 | |a učitelia |
| 610 | 2 | 0 | |a študenti |
| 610 | 2 | 0 | |a používatelia |
| 610 | 2 | 0 | |a vzdelávanie |
| 610 | 2 | 0 | |a gramotnosť informačná |
| 700 | 1 | |a Stasselová, Silvia | |
| 710 | 2 | |a International Federation of Library Associations and Institutions (IFLA) | |